| 000 | 00623nam a2200193 4500 | ||
|---|---|---|---|
| 001 | 108301 | ||
| 003 | ES-MaACL | ||
| 005 | 20230906184623.0 | ||
| 007 | t| | ||
| 008 | 061121s1968 sp r ||||1| spa d | ||
| 100 | 1 |
_aMomigliano, Franco. _982079 |
|
| 245 | 1 | 4 |
_aLos fraudes de la productividad / _cFranco Momigliano; prólogo de José M. Vegara; versión de José M. Vegara, José L. Rognoni. |
| 250 | _a1ª. ed. | ||
| 260 |
_aBarcelona : _bNova Terra, _c1968. |
||
| 300 |
_a425 p. ; _c22 cm. |
||
| 700 | 1 |
_aVegara, Josep Maria. _9113637 |
|
| 700 | 1 |
_aRognoni, José L. _998963 |
|
| 852 |
_aES-MaACL _jC-34612 _bR.67071 |
||
| 999 |
_c108301 _d108301 |
||